<?xml version="1.0" encoding="UTF-8"?><?xml-stylesheet type="text/xsl" href="static/style.xsl"?><OAI-PMH xmlns="http://www.openarchives.org/OAI/2.0/" xmlns:xsi="http://www.w3.org/2001/XMLSchema-instance" xsi:schemaLocation="http://www.openarchives.org/OAI/2.0/ http://www.openarchives.org/OAI/2.0/OAI-PMH.xsd"><responseDate>2026-06-01T09:44:17Z</responseDate><request verb="GetRecord" identifier="oai:riuma.uma.es:10630/36604" metadataPrefix="marc">https://riuma.uma.es/rest/oai/request</request><GetRecord><record><header><identifier>oai:riuma.uma.es:10630/36604</identifier><datestamp>2026-02-03T10:58:21Z</datestamp><setSpec>com_10630_2254</setSpec><setSpec>col_10630_37953</setSpec></header><metadata><record xmlns="http://www.loc.gov/MARC21/slim" xmlns:dcterms="http://purl.org/dc/terms/" xmlns:doc="http://www.lyncode.com/xoai" xmlns:xsi="http://www.w3.org/2001/XMLSchema-instance" xsi:schemaLocation="http://www.loc.gov/MARC21/slim http://www.loc.gov/standards/marcxml/schema/MARC21slim.xsd">
   <leader>00925njm 22002777a 4500</leader>
   <datafield ind2=" " ind1=" " tag="042">
      <subfield code="a">dc</subfield>
   </datafield>
   <datafield ind2=" " ind1=" " tag="720">
      <subfield code="a">Cantizani-Estepa, Juan</subfield>
      <subfield code="e">author</subfield>
   </datafield>
   <datafield ind2=" " ind1=" " tag="720">
      <subfield code="a">Bravo-Arrabal, Juan</subfield>
      <subfield code="e">author</subfield>
   </datafield>
   <datafield ind2=" " ind1=" " tag="720">
      <subfield code="a">Fernández-Lozano, Juan Jesús</subfield>
      <subfield code="e">author</subfield>
   </datafield>
   <datafield ind2=" " ind1=" " tag="720">
      <subfield code="a">Fortes-Rodríguez, Sergio</subfield>
      <subfield code="e">author</subfield>
   </datafield>
   <datafield ind2=" " ind1=" " tag="720">
      <subfield code="a">Barco-Moreno, Raquel</subfield>
      <subfield code="e">author</subfield>
   </datafield>
   <datafield ind2=" " ind1=" " tag="720">
      <subfield code="a">García-Cerezo, Alfonso José</subfield>
      <subfield code="e">author</subfield>
   </datafield>
   <datafield ind2=" " ind1=" " tag="720">
      <subfield code="a">Mandow, Anthony</subfield>
      <subfield code="e">author</subfield>
   </datafield>
   <datafield ind2=" " ind1=" " tag="260">
      <subfield code="c">2022</subfield>
   </datafield>
   <datafield ind2=" " ind1=" " tag="520">
      <subfield code="a">In the field of rescue robotics, data collection about the environment and efficient communications are fundamental for the success of search and rescue missions. Digitalization provides new ways of detecting and localizing potential victims via the wireless devices carried by the users. Nowadays, the number of personal Bluetooth low energy wearables in use (smartbands, smartwatches, earbuds … ) increases constantly, being a yet-to-be-exploited personal radio frequency beacon in the case of an emergency, where the user may not be localized and unconscious. In this paper, the results of experimental tests of a Bluetooth low energy based detection system ported by terrestrial and aerial robots are provided, in order to test the feasibility of such system for the localization of the victims in unknown complex disaster areas. The results show that the tested devices can be reliably detected up to 15 meters away when using transmission power values typical of a smartphone, while being able to detect even lightly burdened devices. These results support the idea of developing an algorithm for the delimitation of areas of interest for the search and rescue groups, influencing the routes followed by the robot with the objective of exploring the detected devices area in the search of victims.</subfield>
   </datafield>
   <datafield ind1="8" ind2=" " tag="024">
      <subfield code="a">J. Cantizani-Estepa et al., "Bluetooth Low Energy for Close Detection in Search and Rescue Missions With Robotic Platforms: An Experimental Evaluation," in IEEE Access, vol. 10, pp. 106169-106179, 2022, doi: 10.1109/ACCESS.2022.3204272.</subfield>
   </datafield>
   <datafield ind1="8" ind2=" " tag="024">
      <subfield code="a">https://hdl.handle.net/10630/36604</subfield>
   </datafield>
   <datafield ind1="8" ind2=" " tag="024">
      <subfield code="a">10.1109/ACCESS.2022.3204272.</subfield>
   </datafield>
   <datafield tag="653" ind2=" " ind1=" ">
      <subfield code="a">Robótica</subfield>
   </datafield>
   <datafield tag="653" ind2=" " ind1=" ">
      <subfield code="a">Inteligencia artificial</subfield>
   </datafield>
   <datafield ind2="0" ind1="0" tag="245">
      <subfield code="a">Bluetooth Low Energy for Close Detection in Search and Rescue Missions With Robotic Platforms: An Experimental Evaluation</subfield>
   </datafield>
</record>
</metadata></record></GetRecord></OAI-PMH>